| 000 -LEADER |
| fixed length control field |
00842nam a2200241Ia 4500 |
| 001 - CONTROL NUMBER |
| control field |
805 |
| 003 - CONTROL NUMBER IDENTIFIER |
| control field |
GE_BSU |
| 008 - FIXED-LENGTH DATA ELEMENTS--GENERAL INFORMATION |
| fixed length control field |
181216s||||||||xx |||||||||||||| ||und|| |
| 040 ## - CATALOGING SOURCE |
| Transcribing agency |
GE_BSU |
| 080 ## - UNIVERSAL DECIMAL CLASSIFICATION NUMBER |
| Universal Decimal Classification number |
004.72(075.8) |
| 100 ## - MAIN ENTRY--PERSONAL NAME |
| Personal name |
Барановская, Т.П. и др. |
| 245 ## - TITLE STATEMENT |
| Title |
Архитетура компьютерных систем и сетей. |
| 245 ## - TITLE STATEMENT |
| Remainder of title |
Учеб. пособие для студ. высш. сель.хоз. учеб. завед. |
| 245 ## - TITLE STATEMENT |
| Statement of responsibility, etc. |
под. ред. В.И.Лойко |
| 260 ## - PUBLICATION, DISTRIBUTION, ETC. |
| Place of publication, distribution, etc. |
Москва |
| 260 ## - PUBLICATION, DISTRIBUTION, ETC. |
| Date of publication, distribution, etc. |
2008 |
| 300 ## - PHYSICAL DESCRIPTION |
| Extent |
254с. |
| 653 ## - INDEX TERM--UNCONTROLLED |
| Uncontrolled term |
Архитетура Копьютерных систем и сетей |
| 653 ## - INDEX TERM--UNCONTROLLED |
| Uncontrolled term |
ინფორმატიკა |
| 653 ## - INDEX TERM--UNCONTROLLED |
| Uncontrolled term |
საინფორმაციო ტექნოლოგიები |
| 942 ## - ADDED ENTRY ELEMENTS (KOHA) |
| Koha item type |
წიგნი |